Library building and furniture : (Record no. 122572)

MARC details
000 -LEADER
fixed length control field 00658nam a22002177a 4500
005 - DATE AND TIME OF LATEST TRANSACTION
control field 20170124105912.0
010 ## - LIBRARY OF CONGRESS CONTROL NUMBER
LC control number B-219996
020 ## - INTERNATIONAL STANDARD BOOK NUMBER
International Standard Book Number 8170003581400
Terms of availability 375.00
035 ## - SYSTEM CONTROL NUMBER
System control number B-219996
037 ## - SOURCE OF ACQUISITION
Source of stock number/acquisition Cen Lib/Ret
040 ## - CATALOGING SOURCE
Original cataloging agency DPL
Language of cataloging EN
082 ## - DEWEY DECIMAL CLASSIFICATION NUMBER
Classification number 020
Item number SIN
100 ## - MAIN ENTRY--PERSONAL NAME
Personal name Sinha, S.C.
9 (RLIN) 850
245 ## - TITLE STATEMENT
Title Library building and furniture :
Statement of responsibility, etc by S. C. Sinha
Remainder of title design and planning
260 ## - PUBLICATION, DISTRIBUTION, ETC. (IMPRINT)
Place of publication, distribution, etc New Delhi
Name of publisher, distributor, etc Ess Ess Publications
Date of publication, distribution, etc 2004
270 ## - ADDRESS
Address 4837/24,Ansari road,Dariya Ganj
City New Delhi
Postal code 110002
300 ## - PHYSICAL DESCRIPTION
Extent 162p.
Dimensions 22cm(Hb)
650 ## - SUBJECT ADDED ENTRY--TOPICAL TERM
Topical term or geographic name as entry element Library Science
9 (RLIN) 105436
650 ## - SUBJECT ADDED ENTRY--TOPICAL TERM
Topical term or geographic name as entry element Library Building
9 (RLIN) 852
942 ## - ADDED ENTRY ELEMENTS (KOHA)
Source of classification or shelving scheme Dewey Decimal Classification
Koha item type English Books
Classification part 022.3
Call number suffix SIN
Holdings
Withdrawn status Lost status Damaged status Not for loan Collection code Home library Current library Date acquired Source of acquisition Cost, normal purchase price Total Checkouts Full call number Barcode Date last seen Copy number Cost, replacement price Price effective from Koha item type Source of classification or shelving scheme
      Not For Loan Reference Central Library Central Library 28/05/2015 Cen Lib/Ret 375.00   020 SIN B-219996 28/05/2015 1 375.00 28/05/2015 English Books  
          Central Library Central Library 01/12/2016 Cen Lib/Ret 375.00   022.3 SIN B-219995 01/12/2016 Cen Lib/Ret 375.00 01/12/2016 English Books Dewey Decimal Classification

© Delhi Public Library
Hit Counter
free hit counter